Buteurs du LOSC dans les derbys depuis 1980 - Statistiques

Statistiques générales
  • Ce quiz a été pris 12 fois
  • Le résultat moyen est 19 sur 71
Statistiques - réponses
Match Date score Réponse % Correct
RC Lens – Lille OSC 26 octobre 2024 2-0 David
100%
RC Lens – Lille OSC 3 mars 2023 1-1 David
100%
Lille OSC – RC Lens 9 octobre 2022 1-0 David
100%
RC Lens – Lille OSC 7 mai 2021 0 – 3 David
100%
Lille OSC – RC Lens 30 janvier 2010 1 – 0 Hazard
91%
RC Lens – Lille OSC 8 octobre 2023 1-1 André
82%
RC Lens – Lille OSC 7 mai 2021 0 – 3 Yilmaz
82%
Lille OSC – RC Lens 18 octobre 2020 4 – 0 Yilmaz
82%
Lille OSC – RC Lens 29 mars 2024 2 -1 Zhegrova
82%
Lille OSC – RC Lens 18 octobre 2020 4 – 0 Bamba
73%
RC Lens – Lille OSC 26 octobre 2024 2-0 Bayo
73%
Lille OSC – RC Lens 30 mars 2025 1-0 Fernandez Pardo
64%
Lille OSC – RC Lens 18 octobre 2020 4 – 0 Ikone
64%
Lille OSC – RC Lens 18 octobre 2020 4 – 0 Yazici
55%
Lille OSC – RC Lens 10 mai 2008 2 - 1 Cabaye
45%
RC Lens – Lille OSC 11 septembre 2010 1 – 4 Gervinho
36%
RC Lens – Lille OSC 4 janvier 2022 2-2 Onana
36%
RC Lens – Lille OSC 20 septembre 2009 1 – 1 Rami
36%
Lille OSC – RC Lens 3 mai 2015 3 – 1 Origi
27%
Lille OSC – RC Lens 3 mai 2015 3 – 1 Sidibe
27%
Lille OSC – RC Lens 16 avril 2022 1 – 2 Xeka
27%
RC Lens – Lille OSC 26 août 2001 1 – 1 Bakari
18%
Lille OSC – RC Lens 24 septembre 2000 2 – 1 Bakari
18%
RC Lens – Lille OSC 11 mars 2008 1 – 2 Bastos
18%
RC Lens – Lille OSC 13 janvier 2007 1 – 1 Bastos
18%
Lille OSC – RC Lens 13 août 2006 4 – 0 Bodmer
18%
Lille OSC – RC Lens 12 février 2005 3 – 2 Bodmer
18%
Lille OSC – RC Lens 3 mai 2015 3 – 1 Boufal
18%
Lille OSC – RC Lens 29 janvier 2011 1 – 0 De melo
18%
RC Lens – Lille OSC 11 septembre 2010 1 – 4 Frau
18%
Lille OSC – RC Lens 10 mai 2008 2 - 1 Frau
18%
RC Lens – Lille OSC 20 novembre 2004 1 – 1 Landrin
18%
Lille OSC – RC Lens 16 avril 2005 2 – 1 Moussilou
18%
Lille OSC – RC Lens 20 mars 2004 1 – 1 Moussilou
18%
Lille OSC – RC Lens 21 septembre 1984 2 – 0 Plancque
18%
Lille OSC – RC Lens 31 mai 1995 3 – 1 Assadourian
9%
RC Lens – Lille OSC 11 mars 2008 1 – 2 Beria
9%
Lille OSC – RC Lens 12 février 2005 3 – 2 Brunel
9%
RC Lens – Lille OSC 18 janvier 1986 1 – 4 Bureau
9%
Lille OSC – RC Lens 30 août 1985 1 – 0 Bureau
9%
Lille OSC – RC Lens 11 février 1984 3 – 1 Christophe
9%
Lille OSC – RC Lens 19 mai 1981 1 – 0 Delemer
9%
RC Lens – Lille OSC 13 septembre 1986 1 – 3 Desmet
9%
Lille OSC – RC Lens 31 mai 1995 3 – 1 Farina
9%
Lille OSC – RC Lens 16 avril 2005 2-1 Fauvergue
9%
RC Lens – Lille OSC 29 juillet 1994 1 – 1 Garcia
9%
RC Lens – Lille OSC 10 décembre 1993 1 – 1 Garcia
9%
RC Lens – Lille OSC 7 décembre 2014 1-1 Gueye
9%
RC Lens – Lille OSC 8 mai 1981 3 – 1 Krimau
9%
Lille OSC – RC Lens 13 août 2006 4 – 0 Odemwingie
9%
RC Lens – Lille OSC 29 avril 2006 4 – 2 Odemwingie
9%
Lille OSC – RC Lens 12 février 2005 3 – 2 Odemwingie
9%
Lille OSC – RC Lens 24 septembre 2000 2 – 1 Peyrelade
9%
Lille OSC – RC Lens 9 septembre 1980 2 – 1 Pleimelding
9%
Lille OSC – RC Lens 11 février 1984 3 – 1 Primorac
9%
Lille OSC – RC Lens 11 février 1984 3 – 1 Savić
9%
RC Lens – Lille OSC 17 septembre 1983 4 – 2 Savić
9%
RC Lens – Lille OSC 18 janvier 1986 1 – 4 Soler
9%
Lille OSC – RC Lens 20 août 1988 1 – 0 Vandenbergh
9%
RC Lens – Lille OSC 19 août 1987 1 – 1 Vandenbergh
9%
RC Lens – Lille OSC 13 septembre 1986 1 – 3 Vandenbergh
9%
Lille OSC – RC Lens 3 septembre 1982 1 – 1 Verel
9%
RC Lens – Lille OSC 11 février 1989 1 – 2 Angloma
0%
Lille OSC – RC Lens 19 décembre 1987 1 – 1 Angloma
0%
Lille OSC – RC Lens 6 novembre 1996 2 – 1 Collot
0%
Lille OSC – RC Lens 9 septembre 1995 1 – 3 Friis Hansen
0%
Lille OSC – RC Lens 18 avril 1992 1 – 2 Leclercq
0%
RC Lens – Lille OSC 25 octobre 2003 2 – 1 Manchev
0%
Lille OSC – RC Lens 9 septembre 1980 2 – 1 Metsu
0%
RC Lens – Lille OSC 17 septembre 1983 4 – 2 Robin
0%
RC Lens – Lille OSC 6 février 1996 1 – 1 Sibierski
0%
Aucun quiz correspondant
Distribution des résultats
% des personnes avec chaque résultat
Percentile par nombre de réponses
Votre historique - résultats
Vous n’avez pas pris ce quiz